000 00673nam a2200181 a 4500
003 0
005 20250507135004.0
008 970101s19uu xx 00 eng d
050 _aPHS HQ 755.85
_b.Y85 2004
100 _aYuki, Mari Diaz.
245 _aA Comparative study on how male and female teenagers communicate with thier parents /
_cMari Diaz Yuki.
260 _aLas PiƱas City, Philippines :
_bSouthville International School and Colleges,
_c2004.
300 _a20 pages :
_billustrations ;
_c28 cm.
504 _aIncludes bibliographical references.
650 _aParent and teenager
_xCommunication.
650 _aCommunication in the family.
942 _2lcc
_cPASS
999 _c97172
_d97172